000 00845nam a22002417a 4500
999 _c1759
_d1759
003 AR-CdUCM
008 190227b ||||| |||| 00| 0 spa d
040 _aMUNICIPALIDAD PROVINCIAL DEL CUSCO
_cBIBLIOTECA MUNICIPAL DEL CUSCO
041 _heng.
082 _22 ed.
_a309.17 /
_bL54
100 _aLewis, Oscar
_96461
245 _aAntropología de la pobreza :
_bCinco familias /
260 _aArgentina :
_bFondo de Cultura Económica,
_c1962.
300 _a302 paginas ;
_c21 cm.
505 _aLa escena --Un día en el pueblo mexicano: La familia Martinez --La casa grande :La familia Gomez ...
650 _aFamilia
_92366
650 _aAspectos sociales
_9262
650 _aAspectos economicos
_9261
700 _aSánchez Ramírez, Emma
_96462
700 _aLa Farge, Oliver
_96463
942 _2ddc
_cLIBROS
945 _arjall
_d2019-02-27